| 000 | 01488cam a22003135a 4500 | ||
|---|---|---|---|
| 999 |
_c25938 _d25910 |
||
| 001 | 14248717 | ||
| 005 | 20180719134858.0 | ||
| 008 | 060131r20142008le frd 000 0 mul d | ||
| 010 | _a 2006324227 | ||
| 020 | _a9953103003 | ||
| 020 | _a9789953103006 | ||
| 040 |
_aDLC _beng _cDLC _dEG-ScBUE _dEG-ScBUE |
||
| 041 | 0 |
_aeng _aara |
|
| 082 | 0 | 4 |
_a340.03 _bFAR _222 |
| 100 | 1 | _aFaruqi, Harith Sulayman. | |
| 245 | 1 | 0 |
_aFaruqi's law dictionary : _bEnglish-Arabic : meanings and definitions of terms of English and American jurisprudence (ancient and modern), forensic medicine, commerce, banking, insurance, civil aviation, diplomacy and petroleum / _cby Harith Suleiman Faruqi. |
| 246 | 3 | 0 | _aLaw dictionary |
| 246 | 3 | 5 | _aالمعجم القانوني |
| 246 | 3 | 5 |
_aالمعجم القانوني : _bإنكليزي - عربي : تفسير وتعريف المصطلحات الفقه الإنكليزي والأميركي (القديم والحديث) والطب الشرعي والتجارة والبنوك والتأمين والدبلوماسية وقوانين البترول والطيران المدني |
| 250 | _a5th rev. ed., Reprinted ed. | ||
| 260 |
_aBeirut : _bLibrairie du Liban, _c2014. |
||
| 300 |
_a758 p. ; _c25 cm. |
||
| 500 | _aReprint of the 2008ed. | ||
| 650 | 7 |
_aLaw _vDictionaries _xArabic. _2BUEsh |
|
| 650 | 7 |
_aEnglish language _vDictionaries _xArabic. _2BUEsh _913838 |
|
| 651 | _2BUEsh | ||
| 653 |
_bLLAAWW _bHHUUEENN _cJanuary2018 _cJuly2018 |
||
| 942 | _2ddc | ||